000 00877nam a22001817a 4500
999 _c62030
_d62030
003 Ge_BSU
005 20240625105442.0
008 240625s1953 ge ||||| |||| 00| 0 geo d
041 _ageo
080 _a613.7 ლ-36
100 _aლევი-გორინევსკაია, ე.ბ.
_922565
245 _aსკოლამდელი ასაკის ბავშვთა ორგანიზმის გამოწრთობა /
_cე.ბ. ლევი-გორინევსკაია.
264 _aთბილისი :
_bსაქმედგამი,
_c1953.
300 _a38 გვ. ;
_b 21 სმ.
490 _aსანიტარული განათლების ბიბლიოთეკა ; 103
653 _aბავშვთა ორგანიზმის გამოწრთობა
942 _2udc
_cᲬᲘᲒᲜᲘ